[Event "1. Bundesliga 2013/2014"]
[Site "Jenbach, Wolfsberg, St. Veit/Glan"]
[Date "2013.12.08"]
[Round "3"]
[Board "6"]
[White "Ennsberger, Ulrich"]
[Black "Waldmann, Gerald"]
[Result "1-0"]
[WhiteElo "2339"]
[BlackElo "2091"]
[PlyCount "93"]
[EventDate "2013.12.06"]
[EventType "team"]
[EventRounds "11"]
[EventCountry "AUT"]
[WhiteTeam "Union Ansfelden"]
[BlackTeam "SV Wolfsberg"]

1. c4 e5 2. Nc3 Nf6 3. Nf3 Nc6 4. g3 d5 5. cxd5 Nxd5 6. Bg2 Nb6 7. O-O Be7 8.
d3 O-O 9. a3 a5 10. Be3 Be6 11. Ne4 Nd5 12. Bc5 f6 13. Bxe7 Qxe7 14. Rc1 Bf7
15. Qc2 Nd8 16. Rfd1 b6 17. d4 c6 18. dxe5 fxe5 19. Rd2 Kh8 20. Qd1 Ra7 21. Nh4
Be6 22. Nf3 Bg8 23. Qa4 Nf6 24. Nxf6 gxf6 25. Nh4 Be6 26. Bxc6 Rc7 27. Rdc2 Nf7
28. Bg2 Rxc2 29. Qxc2 Rd8 30. Nf5 Qd7 31. Ne3 Qb5 32. Bc6 Qa6 33. h4 Rc8 34.
Qd1 Rd8 35. Qe1 b5 36. Bg2 Rd6 37. Be4 Qb6 38. Bf5 Qd8 39. Bxe6 Rxe6 40. Rd1
Rd6 41. Rxd6 Nxd6 42. Qd2 Qc7 43. Qd5 b4 44. axb4 axb4 45. Qe6 Ne4 46. Qe8+ Kg7
47. Nf5# 1-0

[Event "1. Bundesliga 2013/2014"]
[Site "Jenbach, Wolfsberg, St. Veit/Glan"]
[Date "2013.12.08"]
[Round "3"]
[Board "1"]
[White "Ragger, Markus"]
[Black "Postny, Evgeny"]
[Result "1/2-1/2"]
[WhiteElo "2644"]
[BlackElo "2635"]
[PlyCount "67"]
[EventDate "2013.12.06"]
[EventType "team"]
[EventRounds "11"]
[EventCountry "AUT"]
[WhiteTeam "Schachclub MPOE Maria Saal I"]
[BlackTeam "SIR Bernhard Glatz"]

1. Nf3 Nf6 2. c4 e6 3. Nc3 Bb4 4. g3 c5 5. Bg2 Nc6 6. O-O O-O 7. d4 Bxc3 8.
bxc3 d6 9. Bf4 Re8 10. Qc1 e5 11. dxe5 dxe5 12. Bg5 Bf5 13. Rd1 Qe7 14. Nd2 e4
15. Nf1 h6 16. Ne3 Qe6 17. Bxf6 Qxf6 18. Rd5 Re5 19. Qd2 Be6 20. Rd6 Qe7 21.
Rd1 Re8 22. Qc2 Na5 23. Qa4 b6 24. Qb5 Kh8 25. Nd5 Qf8 26. Ne3 Nb7 27. R6d2 Na5
28. Qa4 Kg8 29. Nd5 Bxd5 30. Rxd5 g6 31. Qb5 R5e7 32. e3 Qg7 33. Rd7 Qxc3 34.
Rxa7 1/2-1/2

[Event "1. Bundesliga 2013/2014"]
[Site "Jenbach, Wolfsberg, St. Veit/Glan"]
[Date "2013.12.08"]
[Round "3"]
[Board "4"]
[White "Mons, Leon"]
[Black "Schachinger, Mario"]
[Result "1/2-1/2"]
[WhiteElo "2418"]
[BlackElo "2398"]
[PlyCount "87"]
[EventDate "2013.12.06"]
[EventType "team"]
[EventRounds "11"]
[EventCountry "AUT"]
[WhiteTeam "SIR Bernhard Glatz"]
[BlackTeam "Schachclub MPOE Maria Saal I"]

1. e4 c6 2. Nf3 d5 3. Nc3 dxe4 4. Nxe4 Nf6 5. Nxf6+ exf6 6. Bc4 Bd6 7. Qe2+ Qe7
8. Qxe7+ Kxe7 9. d4 Re8 10. Be3 Kf8 11. O-O-O Bg4 12. Be2 Nd7 13. h3 Bh5 14. d5
c5 15. g4 Bg6 16. Nd2 Nb6 17. Nc4 Nxc4 18. Bxc4 Be4 19. Rhe1 a6 20. Bd3 Bxd3
21. Rxd3 c4 22. Rdd1 b5 23. c3 Re7 24. Kc2 Ke8 25. a4 bxa4 26. Ra1 a3 27. bxa3
Rb7 28. Rab1 Rxb1 29. Rxb1 Rb8 30. Re1 Kd7 31. Bc1 Re8 32. Be3 Rb8 33. Bc1 Re8
34. Be3 Bc5 35. Kd2 Bxe3+ 36. Rxe3 Rc8 37. Re4 Kd6 38. Ke3 Kxd5 39. Re7 Rb8 40.
Rd7+ Kc5 41. Rc7+ Kd5 42. Rd7+ Kc5 43. Rc7+ Kd5 44. Rd7+ 1/2-1/2

[Event "1. Bundesliga 2013/2014"]
[Site "Jenbach, Wolfsberg, St. Veit/Glan"]
[Date "2013.12.08"]
[Round "3"]
[Board "5"]
[White "Halvax, Georg"]
[Black "Kunin, Vitaly"]
[Result "1-0"]
[WhiteElo "2305"]
[BlackElo "2558"]
[PlyCount "87"]
[EventDate "2013.12.06"]
[EventType "team"]
[EventRounds "11"]
[EventCountry "AUT"]
[WhiteTeam "Schachclub MPOE Maria Saal I"]
[BlackTeam "SIR Bernhard Glatz"]

1. e4 e5 2. Nf3 d6 3. d4 exd4 4. Nxd4 Nf6 5. Nc3 Be7 6. Bf4 O-O 7. Qd2 Nc6 8.
f3 Nxd4 9. Qxd4 Be6 10. O-O-O a6 11. g4 Nd7 12. Nd5 Bxd5 13. Qxd5 b5 14. h4 Nb6
15. Qd2 Qe8 16. g5 f6 17. Kb1 Qf7 18. Be3 Nc4 19. Bxc4 Qxc4 20. Qg2 Qf7 21. f4
f5 22. exf5 Qxf5 23. Qc6 Rfe8 24. Rhe1 a5 25. Bd4 Rac8 26. Re4 d5 27. Re5 Qxf4
28. Qxd5+ Kh8 29. Rf5 Qd6 30. Bxg7+ Kxg7 31. Qf7+ Kh8 32. Rxd6 Bxd6 33. a3 Rf8
34. Qe6 b4 35. a4 b3 36. Rxf8+ Rxf8 37. Qxb3 Rf1+ 38. Ka2 Rf4 39. h5 Rf5 40.
Qe6 Re5 41. Qf7 Re4 42. g6 hxg6 43. hxg6 Rxa4+ 44. Kb1 1-0

[Event "1. Bundesliga 2013/2014"]
[Site "Jenbach, Wolfsberg, St. Veit/Glan"]
[Date "2013.12.08"]
[Round "3"]
[Board "6"]
[White "Pitl, Gregory"]
[Black "Handler, Lukas"]
[Result "1-0"]
[WhiteElo "2389"]
[BlackElo "2396"]
[PlyCount "71"]
[EventDate "2013.12.06"]
[EventType "team"]
[EventRounds "11"]
[EventCountry "AUT"]
[WhiteTeam "SIR Bernhard Glatz"]
[BlackTeam "Schachclub MPOE Maria Saal I"]

1. e4 e5 2. Nf3 Nc6 3. Bc4 Bc5 4. b4 Bxb4 5. c3 Be7 6. d4 Na5 7. Be2 d6 8. Qa4+
c6 9. dxe5 dxe5 10. Nxe5 Nf6 11. O-O Qc7 12. Nf3 O-O 13. e5 Nd7 14. Bf4 Nc5 15.
Qc2 Ne6 16. Bg3 c5 17. Nbd2 Nc6 18. Ne4 g6 19. Rad1 a6 20. Nf6+ Kg7 21. Nd2 b5
22. Nd5 Qa7 23. Ne4 b4 24. Bc4 bxc3 25. Qxc3 Bd8 26. Ndf6 Ned4 27. Qe3 Ne7 28.
Bf4 Nef5 29. Qa3 Be6 30. Bxe6 Nxe6 31. Qh3 h6 32. Bc1 Rh8 33. Rd7 Qb8 34. Nd6
Ne7 35. Bxh6+ Rxh6 36. Nde8+ 1-0

[Event "1. Bundesliga 2013/2014"]
[Site "Jenbach, Wolfsberg, St. Veit/Glan"]
[Date "2013.12.08"]
[Round "3"]
[Board "1"]
[White "Shengelia, David"]
[Black "Lenic, Luka"]
[Result "1/2-1/2"]
[WhiteElo "2547"]
[BlackElo "2654"]
[PlyCount "68"]
[EventDate "2013.12.06"]
[EventType "team"]
[EventRounds "11"]
[EventCountry "AUT"]
[WhiteTeam "SK Advisory Invest Baden"]
[BlackTeam "SV Raika Rapid Feffernitz"]

1. c4 c5 2. Nc3 Nc6 3. Nf3 Nd4 4. e3 Nxf3+ 5. Qxf3 g6 6. b3 Bg7 7. Bb2 d6 8. g3
Rb8 9. Bg2 a6 10. Qe2 b5 11. d3 Qa5 12. Qc2 Nf6 13. O-O O-O 14. h3 Bb7 15. Bxb7
Rxb7 16. e4 Nd7 17. f4 Nb8 18. Nd5 Nc6 19. Bxg7 Kxg7 20. f5 Qd8 21. g4 f6 22.
h4 Nd4 23. Qg2 e6 24. fxe6 Nxe6 25. Rf2 bxc4 26. bxc4 Nd4 27. Raf1 Rbf7 28. Qg3
Nc6 29. h5 Ne5 30. h6+ Kxh6 31. Nxf6 Kg7 32. g5 Kh8 33. Qh4 Nd7 34. Kg2 Qe7
 1/2-1/2

[Event "1. Bundesliga 2013/2014"]
[Site "Jenbach, Wolfsberg, St. Veit/Glan"]
[Date "2013.12.08"]
[Round "3"]
[Board "2"]
[White "Sebenik, Matej"]
[Black "Fauland, Alexander"]
[Result "1-0"]
[WhiteElo "2497"]
[BlackElo "2417"]
[PlyCount "93"]
[EventDate "2013.12.06"]
[EventType "team"]
[EventRounds "11"]
[EventCountry "AUT"]
[WhiteTeam "SV Raika Rapid Feffernitz"]
[BlackTeam "SK Advisory Invest Baden"]

1. Nf3 c5 2. c4 g6 3. Nc3 Bg7 4. g3 e5 5. Bg2 Nc6 6. O-O d6 7. a3 Be6 8. d3 h6
9. Rb1 Nge7 10. b4 cxb4 11. axb4 d5 12. b5 Nd4 13. Nxd4 exd4 14. Nxd5 Nxd5 15.
cxd5 Bxd5 16. Bxd5 Qxd5 17. Ba3 Bf8 18. Qa4 Bxa3 19. Qxa3 f5 20. Rfc1 Rh7 21.
b6 a6 22. Rc5 Qe6 23. Qa4+ Rd7 24. Rc7 Qd5 25. Rbc1 Rad8 26. R1c5 Qd6 27. Qb3
Kf8 28. h4 h5 29. Kg2 Re7 30. Rc8 Kg7 31. R5c7 Rxc8 32. Rxc8 Rf7 33. f3 Qe5 34.
Qa2 f4 35. gxf4 Qxf4 36. Qe6 Qf6 37. Qe8 Kh6 38. Rc7 Kg7 39. Rd7 g5 40. Rxf7+
Qxf7 41. Qe5+ Qf6 42. Qc7+ Kh6 43. Qxb7 gxh4 44. Qc7 Qg5+ 45. Kh3 Qg1 46. Qd6+
Kh7 47. b7 1-0

[Event "1. Bundesliga 2013/2014"]
[Site "Jenbach, Wolfsberg, St. Veit/Glan"]
[Date "2013.12.08"]
[Round "3"]
[Board "3"]
[White "Poetsch, Hagen"]
[Black "Diermair, Andreas"]
[Result "1/2-1/2"]
[WhiteElo "2479"]
[BlackElo "2456"]
[PlyCount "60"]
[EventDate "2013.12.06"]
[EventType "team"]
[EventRounds "11"]
[EventCountry "AUT"]
[WhiteTeam "SK Advisory Invest Baden"]
[BlackTeam "SV Raika Rapid Feffernitz"]

1. e4 e5 2. Nf3 Nc6 3. Bc4 Nf6 4. Ng5 d5 5. exd5 Na5 6. Bb5+ c6 7. dxc6 bxc6 8.
Bd3 Nd5 9. h4 Be7 10. Qf3 Nf6 11. Nc3 Rb8 12. a3 c5 13. Bb5+ Bd7 14. Bxd7+ Qxd7
15. d3 Nc6 16. Ne2 O-O 17. Qh3 Qc7 18. O-O Nd4 19. Nxd4 cxd4 20. Nf3 Bd6 21.
Nd2 Qxc2 22. Nc4 Bc7 23. Bg5 Nd5 24. Qf3 Nb6 25. Rac1 Qa4 26. Be7 Rfe8 27. Bd6
Qd7 28. Nxb6 Qxd6 29. Nc4 Qd7 30. b4 Rbc8 1/2-1/2

[Event "1. Bundesliga 2013/2014"]
[Site "Jenbach, Wolfsberg, St. Veit/Glan"]
[Date "2013.12.08"]
[Round "3"]
[Board "4"]
[White "Schreiner, Peter"]
[Black "Tuncer, Ufuk"]
[Result "1-0"]
[WhiteElo "2455"]
[BlackElo "2345"]
[PlyCount "95"]
[EventDate "2013.12.06"]
[EventType "team"]
[EventRounds "11"]
[EventCountry "AUT"]
[WhiteTeam "SV Raika Rapid Feffernitz"]
[BlackTeam "SK Advisory Invest Baden"]

1. d4 Nf6 2. c4 g6 3. g3 Bg7 4. Bg2 d5 5. Nf3 O-O 6. O-O Nc6 7. Nbd2 dxc4 8.
Nxc4 Be6 9. b3 Bd5 10. Bb2 a5 11. a4 Nb4 12. e3 Be4 13. Ne1 Bxg2 14. Kxg2 c6
15. Rc1 Na2 16. Ra1 Nb4 17. Ba3 b5 18. Ne5 bxa4 19. bxa4 Qd5+ 20. Qf3 c5 21.
Bxb4 cxb4 22. Nc6 Qxf3+ 23. Nxf3 e6 24. Nd2 Ra6 25. Rfc1 Rfa8 26. Ne5 Nd5 27.
Nd3 R6a7 28. Kf3 Re8 29. Ne4 f5 30. Nd6 Rd8 31. Nb5 Re7 32. Rc5 g5 33. Rac1 Nb6
34. Nc7 e5 35. Nxe5 Bxe5 36. dxe5 Nxa4 37. Rxa5 Nc3 38. Na6 Rd2 39. Nxb4 Ne4
40. Rc2 g4+ 41. Kf4 Rxf2+ 42. Rxf2 Nxf2 43. Kxf5 Rf7+ 44. Ke6 Ne4 45. Nd5 Ng5+
46. Kd6 Ne4+ 47. Kc6 Rf2 48. e6 1-0

[Event "1. Bundesliga 2013/2014"]
[Site "Jenbach, Wolfsberg, St. Veit/Glan"]
[Date "2013.12.08"]
[Round "3"]
[Board "5"]
[White "Dzierzenga, Stefan"]
[Black "Novak, Pavel"]
[Result "1/2-1/2"]
[WhiteElo "2197"]
[BlackElo "2353"]
[PlyCount "102"]
[EventDate "2013.12.06"]
[EventType "team"]
[EventRounds "11"]
[EventCountry "AUT"]
[WhiteTeam "SK Advisory Invest Baden"]
[BlackTeam "SV Raika Rapid Feffernitz"]

1. e4 c5 2. b3 d6 3. Bb2 Nf6 4. Nc3 e6 5. Nf3 Nc6 6. d4 cxd4 7. Nxd4 Be7 8. Be2
O-O 9. O-O e5 10. Nf3 h6 11. Nd2 Nd4 12. Bc4 Bg4 13. f3 Be6 14. Bd3 Rc8 15. Ne2
Nxe2+ 16. Qxe2 b5 17. c4 b4 18. a3 a5 19. axb4 axb4 20. Ra4 Rb8 21. Rfa1 Nd7
22. Bc2 Nc5 23. Ra7 Bg5 24. Nf1 Qb6 25. Kh1 h5 26. Qd1 Bc8 27. R7a2 Ne6 28. Bc1
Bxc1 29. Qxc1 Nd4 30. Qd2 h4 31. Ne3 Be6 32. h3 Qd8 33. Nf1 Qf6 34. Bd1 Qg6 35.
Ra6 f5 36. exf5 Bxf5 37. c5 Rf6 38. cxd6 Rxd6 39. Rxd6 Qxd6 40. Ne3 Be6 41. Ng4
Rd8 42. Qg5 Bxg4 43. Qxg4 Qf6 44. Qe4 Qf4 45. Qg6 Qd2 46. Kh2 Qf4+ 47. Kh1 Qg3
48. Qe4 Qf4 49. Qg6 Qg3 50. Qe4 Qf4 51. Qg6 Qg3 1/2-1/2

[Event "1. Bundesliga 2013/2014"]
[Site "Jenbach, Wolfsberg, St. Veit/Glan"]
[Date "2013.12.08"]
[Round "3"]
[Board "6"]
[White "Petschar, Kurt"]
[Black "Herndlbauer, Martin"]
[Result "1/2-1/2"]
[WhiteElo "2303"]
[BlackElo "2119"]
[PlyCount "105"]
[EventDate "2013.12.06"]
[EventType "team"]
[EventRounds "11"]
[EventCountry "AUT"]
[WhiteTeam "SV Raika Rapid Feffernitz"]
[BlackTeam "SK Advisory Invest Baden"]

1. d4 d5 2. Nf3 Nf6 3. c4 c6 4. e3 Bg4 5. h3 Bxf3 6. Qxf3 e6 7. Bd3 Nbd7 8. O-O
Bb4 9. Bd2 Qe7 10. a3 Bd6 11. Nc3 Bc7 12. e4 dxe4 13. Nxe4 Nxe4 14. Qxe4 Nf6
15. Qe3 Qd6 16. g3 O-O-O 17. Rfd1 Qxd4 18. Qxd4 Rxd4 19. Bc3 Rd7 20. Bc2 Rxd1+
21. Rxd1 h6 22. Kf1 h5 23. h4 Rg8 24. Bxf6 gxf6 25. Rd3 f5 26. Bd1 Rh8 27. Rf3
Be5 28. b4 Kc7 29. Be2 b6 30. Re3 Bd4 31. Rd3 c5 32. b5 Kd6 33. a4 e5 34. a5 e4
35. Ra3 Bb2 36. Ra2 Bc3 37. axb6 axb6 38. Ra6 Ba5 39. Ra7 Rh7 40. Rb7 Ke5 41.
Re7+ Kd6 42. Rb7 Ke5 43. Rd7 Ke6 44. Rd8 f6 45. Re8+ Kd7 46. Rb8 Kc7 47. Ra8
Kb7 48. Rd8 Kc7 49. Rd5 f4 50. gxf4 Bc3 51. Bxh5 Bd4 52. Ke2 Rh8 53. Kf1
 1/2-1/2

[Event "1. Bundesliga 2013/2014"]
[Site "Jenbach, Wolfsberg, St. Veit/Glan"]
[Date "2013.12.08"]
[Round "3"]
[Board "2"]
[White "Antoniewski, Rafal"]
[Black "Schlosser, Philipp"]
[Result "1/2-1/2"]
[WhiteElo "2553"]
[BlackElo "2612"]
[PlyCount "98"]
[EventDate "2013.12.06"]
[EventType "team"]
[EventRounds "11"]
[EventCountry "AUT"]
[WhiteTeam "ASVOE Wulkaprodersdorf"]
[BlackTeam "Schachklub Sparkasse Jenbach"]

1. e4 e5 2. Nf3 Nc6 3. Bb5 a6 4. Ba4 Nf6 5. O-O Be7 6. d3 b5 7. Bb3 d6 8. a3
O-O 9. Nbd2 h6 10. Re1 Re8 11. Nf1 Bf8 12. Ne3 Be6 13. Bxe6 Rxe6 14. Nd5 Nd4
15. a4 Nxf3+ 16. Qxf3 c6 17. Nxf6+ Rxf6 18. Qe2 Re6 19. Be3 d5 20. axb5 d4 21.
Bd2 cxb5 22. Ba5 Qd7 23. c3 Rc8 24. Red1 Bc5 25. Kh1 Qa7 26. b4 Bb6 27. c4 bxc4
28. dxc4 Qb7 29. b5 axb5 30. cxb5 Bxa5 31. Rxa5 Rb6 32. h3 Rc5 33. Rb1 Qc7 34.
Rb2 Kh7 35. Kh2 Rd6 36. Ra3 Rc1 37. Rab3 Rb6 38. Qd3 Qc5 39. Rb1 Rc4 40. R1b2
g6 41. Qe2 Kg7 42. Qd3 h5 43. h4 Rc1 44. g3 Qc4 45. Qxc4 Rxc4 46. Kg2 Kf6 47.
Ra2 Rc3 48. Rxc3 dxc3 49. Rc2 Rxb5 1/2-1/2

[Event "1. Bundesliga 2013/2014"]
[Site "Jenbach, Wolfsberg, St. Veit/Glan"]
[Date "2013.12.08"]
[Round "3"]
[Board "5"]
[White "Lehner, Oliver"]
[Black "Antal, Gergely"]
[Result "0-1"]
[WhiteElo "2451"]
[BlackElo "2516"]
[PlyCount "66"]
[EventDate "2013.12.06"]
[EventType "team"]
[EventRounds "11"]
[EventCountry "AUT"]
[WhiteTeam "Schachklub Sparkasse Jenbach"]
[BlackTeam "ASVOE Wulkaprodersdorf"]

1. c4 Nf6 2. Nc3 d5 3. cxd5 Nxd5 4. g3 g6 5. Bg2 Nxc3 6. bxc3 Bg7 7. Rb1 Nc6 8.
Nf3 O-O 9. O-O b6 10. Ng5 Bb7 11. Qa4 Qd7 12. Qh4 h6 13. Nf3 Qe6 14. d4 g5 15.
Qh5 Na5 16. h4 Be4 17. hxg5 Bxb1 18. gxh6 Bg6 19. Qh1 Bf6 20. Ng5 Bxg5 21. Bxg5
Rad8 22. e4 f6 23. Bf4 Qxa2 24. h7+ Bxh7 25. d5 Qa4 26. Qh4 Nb7 27. Bh6 Kh8 28.
Bf3 Nd6 29. Re1 Rg8 30. Bf4 Rg7 31. Kh2 Nf7 32. Bg4 Ne5 33. Bh5 Nd3 0-1

[Event "1. Bundesliga 2013/2014"]
[Site "Jenbach, Wolfsberg, St. Veit/Glan"]
[Date "2013.12.08"]
[Round "3"]
[Board "6"]
[White "Thiede, Lars"]
[Black "Stangl, Markus"]
[Result "1-0"]
[WhiteElo "2448"]
[BlackElo "2438"]
[PlyCount "75"]
[EventDate "2013.12.06"]
[EventType "team"]
[EventRounds "11"]
[EventCountry "AUT"]
[WhiteTeam "ASVOE Wulkaprodersdorf"]
[BlackTeam "Schachklub Sparkasse Jenbach"]

1. c4 c5 2. g3 Nc6 3. Bg2 g6 4. Nc3 Bg7 5. d3 d6 6. Nf3 Bf5 7. Bd2 Nf6 8. a3
O-O 9. Rb1 Rc8 10. b4 Qd7 11. h3 h6 12. Qc1 g5 13. g4 Bg6 14. h4 Qxg4 15. Bh3
Qh5 16. hxg5 hxg5 17. Bxg5 Nd4 18. Nxd4 cxd4 19. Bg2 Qg4 20. Bf3 Qe6 21. Bh6
Nh7 22. Bxg7 Kxg7 23. Qh6+ Kh8 24. Ne4 Bf5 25. Qh4 f6 26. Kd2 b5 27. Ng3 Bg6
28. Bd5 Qe5 29. Qh6 Qg5+ 30. f4 Qxh6 31. Rxh6 Kg7 32. Rbh1 f5 33. cxb5 Rf6 34.
Rxh7+ Bxh7 35. Nh5+ Kg6 36. Nxf6 exf6 37. Rc1 Rb8 38. a4 1-0

[Event "1. Bundesliga 2013/2014"]
[Site "Jenbach, Wolfsberg, St. Veit/Glan"]
[Date "2014.01.30"]
[Round "4"]
[Board "1"]
[White "Baumegger, Siegfried"]
[Black "Melkumyan, Hrant"]
[Result "1/2-1/2"]
[WhiteElo "2476"]
[BlackElo "2613"]
[PlyCount "90"]
[EventDate "2013.12.06"]
[EventType "team"]
[EventRounds "11"]
[EventCountry "AUT"]
[WhiteTeam "tschaturanga"]
[BlackTeam "ASVOE Wulkaprodersdorf"]

1. c4 c5 2. g3 Nc6 3. Bg2 Nf6 4. Nc3 e6 5. Nf3 d5 6. cxd5 Nxd5 7. O-O Be7 8. d4
O-O 9. e4 Nb6 10. dxc5 Bxc5 11. e5 Qxd1 12. Rxd1 Nb4 13. a3 N4d5 14. Nxd5 Nxd5
15. Nd4 Bd7 16. Bxd5 exd5 17. Be3 Rfe8 18. f4 f6 19. Nc2 Bf8 20. Bd4 fxe5 21.
Bxe5 Rac8 22. Nd4 Rc4 23. Rac1 Rec8 24. Rxc4 dxc4 25. Nc2 Bc5+ 26. Bd4 Bg4 27.
Re1 Kf7 28. Kf2 Rd8 29. Bxc5 Rd2+ 30. Kg1 Rxc2 31. Re7+ Kg6 32. h3 Bxh3 33. Bd4
Kf5 34. Rxg7 Ke4 35. Bc3 Kf3 36. Re7 h5 37. Bd4 Kxg3 38. Re3+ Kg4 39. f5 Rc1+
40. Kh2 Rc2+ 41. Kg1 h4 42. f6 Bg2 43. Rc3 Rxc3 44. bxc3 Bd5 45. Bxa7 h3
 1/2-1/2

[Event "1. Bundesliga 2013/2014"]
[Site "Jenbach, Wolfsberg, St. Veit/Glan"]
[Date "2014.01.30"]
[Round "4"]
[Board "2"]
[White "Antoniewski, Rafal"]
[Black "Srienz, Christian"]
[Result "1-0"]
[WhiteElo "2553"]
[BlackElo "2280"]
[PlyCount "57"]
[EventDate "2013.12.06"]
[EventType "team"]
[EventRounds "11"]
[EventCountry "AUT"]
[WhiteTeam "ASVOE Wulkaprodersdorf"]
[BlackTeam "tschaturanga"]

1. Nf3 Nf6 2. g3 b5 3. Bg2 Bb7 4. Na3 a6 5. c4 e5 6. O-O e4 7. Nh4 b4 8. Nc2
Nc6 9. d3 Qe7 10. Re1 Qe5 11. dxe4 Bc5 12. Qd3 O-O 13. e3 d6 14. f4 Qe8 15. Bd2
Rb8 16. a3 a5 17. Nf5 Nd8 18. axb4 axb4 19. Bxb4 Nxe4 20. Bc3 f6 21. Bd4 g6 22.
Nh4 f5 23. b4 Bxd4 24. exd4 Qc6 25. d5 Qb6+ 26. Qe3 Nd2 27. c5 dxc5 28. bxc5
Qb2 29. Qxd2 1-0

[Event "1. Bundesliga 2013/2014"]
[Site "Jenbach, Wolfsberg, St. Veit/Glan"]
[Date "2014.01.30"]
[Round "4"]
[Board "3"]
[White "Sadilek, Peter"]
[Black "Maksimenko, Andrei"]
[Result "1/2-1/2"]
[WhiteElo "2240"]
[BlackElo "2535"]
[PlyCount "124"]
[EventDate "2013.12.06"]
[EventType "team"]
[EventRounds "11"]
[EventCountry "AUT"]
[WhiteTeam "tschaturanga"]
[BlackTeam "ASVOE Wulkaprodersdorf"]

1. d4 Nf6 2. c4 e6 3. Nc3 Bb4 4. e3 O-O 5. Nge2 c6 6. a3 Ba5 7. Ng3 d5 8. Qc2
Nbd7 9. Bd2 e5 10. cxd5 exd4 11. exd4 cxd5 12. Be2 Re8 13. O-O Nf8 14. Rad1 Ne6
15. Nf5 g6 16. Nh6+ Kg7 17. Be3 Bxc3 18. bxc3 Qd6 19. Qc1 Bd7 20. Ng4 Nxg4 21.
Bxg4 h5 22. Bf3 Rac8 23. Rfe1 f6 24. Qb2 b6 25. Qb4 Qxb4 26. cxb4 Ba4 27. Rc1
Bb3 28. g3 Bc4 29. h4 Kf7 30. Kh2 Nc7 31. Bg2 Nb5 32. a4 Nd6 33. a5 bxa5 34.
bxa5 a6 35. Rb1 Nb5 36. Rec1 Rcd8 37. Bf3 Rb8 38. Bf4 Rbc8 39. Be3 Red8 40. Kg2
Rc7 41. Bd1 Rdc8 42. Bf3 Ba2 43. Rxc7+ Rxc7 44. Ra1 Bc4 45. Rb1 Re7 46. Rb2 Ke6
47. Rb1 Kd7 48. Rc1 Re8 49. Rc2 Rc8 50. Rb2 Ke6 51. Bd1 Bd3 52. Ba4 Rc3 53. Rb3
Rxb3 54. Bxb3 Na7 55. Ba4 Bb5 56. Bc2 Kf7 57. Bd2 Nc6 58. Bc3 g5 59. Bd1 Kg6
60. Bc2+ Kf7 61. Bd1 Kg6 62. Bc2+ Kf7 1/2-1/2

[Event "1. Bundesliga 2013/2014"]
[Site "Jenbach, Wolfsberg, St. Veit/Glan"]
[Date "2014.01.30"]
[Round "4"]
[Board "4"]
[White "Schneider, Ilja"]
[Black "Wukits, Rene"]
[Result "1/2-1/2"]
[WhiteElo "2486"]
[BlackElo "2267"]
[PlyCount "75"]
[EventDate "2013.12.06"]
[EventType "team"]
[EventRounds "11"]
[EventCountry "AUT"]
[WhiteTeam "ASVOE Wulkaprodersdorf"]
[BlackTeam "tschaturanga"]

1. Nf3 c5 2. c4 b6 3. g3 Bb7 4. Bg2 e6 5. O-O Nf6 6. Nc3 d6 7. Re1 a6 8. e4
Nbd7 9. d4 cxd4 10. Nxd4 Qc7 11. Bg5 Be7 12. Rc1 O-O 13. Qe2 Rfe8 14. Nf3 Rac8
15. b3 Qb8 16. Bf4 Bf8 17. e5 Bxf3 18. Bxf3 Nxe5 19. Bxe5 dxe5 20. Qxe5 Bd6 21.
Qe2 Rc5 22. Kg2 h5 23. Ne4 Nxe4 24. Qxe4 Rf5 25. Qb7 Bc5 26. Qxb8 Rxb8 27. Rc2
Rd8 28. Be4 Rf6 29. f4 a5 30. h4 Rh6 31. Bf3 g6 32. Rd1 Rxd1 33. Bxd1 Kf8 34.
Rd2 Ke7 35. Bf3 Rh8 36. Bc6 Rd8 37. Rxd8 Kxd8 38. Kf3 1/2-1/2

[Event "1. Bundesliga 2013/2014"]
[Site "Jenbach, Wolfsberg, St. Veit/Glan"]
[Date "2014.01.30"]
[Round "4"]
[Board "5"]
[White "Kreindl, Helmut"]
[Black "Thiede, Lars"]
[Result "0-1"]
[WhiteElo "2208"]
[BlackElo "2448"]
[PlyCount "130"]
[EventDate "2013.12.06"]
[EventType "team"]
[EventRounds "11"]
[EventCountry "AUT"]
[WhiteTeam "tschaturanga"]
[BlackTeam "ASVOE Wulkaprodersdorf"]

1. d4 g6 2. Nf3 Bg7 3. e3 Nf6 4. Be2 O-O 5. O-O d6 6. b3 c5 7. c3 b6 8. Bb2 Bb7
9. Nbd2 Nbd7 10. Rc1 Rc8 11. c4 e6 12. Rc2 Rc7 13. Qa1 a6 14. Rd1 cxd4 15. Nxd4
Nc5 16. N4f3 Qe7 17. Ne1 Rfc8 18. Nd3 Nxd3 19. Bxd3 e5 20. Rcc1 Ng4 21. Be2 Qh4
22. Bxg4 Qxg4 23. f3 Qg5 24. e4 f5 25. Qb1 Bh6 26. Rc3 Rf7 27. Qd3 Qh4 28. Qe2
Re8 29. Rd3 Re6 30. Ba3 Bf8 31. Qe3 Ref6 32. Qe1 Qh5 33. exf5 gxf5 34. Nf1 Rg6
35. Ng3 Qh6 36. Qd2 f4 37. Ne4 Bxe4 38. fxe4 f3 39. Qxh6 Rxg2+ 40. Kf1 Bxh6 41.
Rxf3 Rxa2 42. Rxf7 Kxf7 43. Bxd6 Ke6 44. Bc7 Be3 45. Rd6+ Ke7 46. Rd3 Bd4 47.
Rh3 Ke8 48. Rxh7 Rf2+ 49. Ke1 Rf3 50. Rh6 Rxb3 51. Bxe5 Bxe5 52. Re6+ Kd7 53.
Rxe5 Kc6 54. Kd2 Rh3 55. Rg5 a5 56. Rg2 Kc5 57. Rg6 Rxh2+ 58. Kd3 Rh3+ 59. Kd2
a4 60. Kc2 Re3 61. Re6 Rb3 62. e5 Kxc4 63. Re8 Kd5 64. e6 b5 65. e7 Ke5 0-1

[Event "1. Bundesliga 2013/2014"]
[Site "Jenbach, Wolfsberg, St. Veit/Glan"]
[Date "2014.01.30"]
[Round "4"]
[Board "6"]
[White "Wallner, Joachim"]
[Black "Leitner, Gerald"]
[Result "1-0"]
[WhiteElo "2366"]
[BlackElo "2199"]
[PlyCount "49"]
[EventDate "2013.12.06"]
[EventType "team"]
[EventRounds "11"]
[EventCountry "AUT"]
[WhiteTeam "ASVOE Wulkaprodersdorf"]
[BlackTeam "tschaturanga"]

1. b3 e5 2. Bb2 d6 3. c4 Nc6 4. g3 Nf6 5. Bg2 Be7 6. Nf3 Bg4 7. h3 Bxf3 8. Bxf3
Qd7 9. Nc3 O-O 10. Bg2 Rab8 11. O-O Rfe8 12. e3 Bf8 13. d4 exd4 14. exd4 g6 15.
d5 Ne7 16. Qd4 Bg7 17. Ne4 Nexd5 18. cxd5 Re5 19. Nxf6+ Bxf6 20. Qxa7 Rbe8 21.
Bxe5 Rxe5 22. Qxb7 Rg5 23. Rac1 Bd4 24. Rxc7 Qf5 25. Qc8+ 1-0

[Event "1. Bundesliga 2013/2014"]
[Site "Jenbach, Wolfsberg, St. Veit/Glan"]
[Date "2014.01.30"]
[Round "4"]
[Board "2"]
[White "Bauer, Christian"]
[Black "Sebenik, Matej"]
[Result "1-0"]
[WhiteElo "2627"]
[BlackElo "2497"]
[PlyCount "71"]
[EventDate "2013.12.06"]
[EventType "team"]
[EventRounds "11"]
[EventCountry "AUT"]
[WhiteTeam "Schachklub Sparkasse Jenbach"]
[BlackTeam "SV Raika Rapid Feffernitz"]

1. e4 c5 2. Nf3 d6 3. d4 cxd4 4. Nxd4 Nf6 5. Nc3 g6 6. Be3 Bg7 7. f3 Nc6 8. Qd2
O-O 9. Bc4 Bd7 10. h4 Na5 11. Be2 Nh5 12. Bf2 Be5 13. O-O-O Rc8 14. Kb1 Nf4 15.
Bf1 Nc4 16. Bxc4 Rxc4 17. g3 Ne6 18. Nde2 b5 19. h5 g5 20. Nd5 h6 21. b3 Rc8
22. f4 Bg7 23. Bxa7 Bc6 24. Bb6 Qd7 25. Be3 Ra8 26. Nc1 Nc5 27. Bxc5 dxc5 28.
fxg5 Qd6 29. gxh6 Bxh6 30. Nxe7+ Qxe7 31. Qxh6 Bxe4 32. Rh4 f5 33. Rd6 Rf7 34.
Re6 Qd7 35. Rh2 Rd8 36. Rd2 1-0